Мишача рада (Запис № 17257)

000 -Маркер запису
Контрольне поле сталої довжини 01485nam a22002657a 4500
003 - Належність контрольного номера
Контрольне поле Uzh_bibl
008 - Кодовані дані
Контрольне поле сталої довжини 260406b |||||||| |||| 00| 0 ukr d
020 ## - Індекс ISBN
ISBN 978-966-1694-38-4
Ціна 32.00
040 ## - Джерело каталогіз.
Код мови каталог. укр.
041 ## - Код мови видання
Код мови оригіналу українська
Код мови тексту українська
080 ## - Індекс УДК
Індекс УДК 087.5
090 ## - Шифри
Поличний індекс 087.5
Авторський знак М 71
100 ## - Автор
Автор Українські народні казки
245 ## - Назва
Назва Мишача рада
Фізичний носій Текст
260 ## - Вихідні дані
Місце видання Харків
Видавництво Белкар-книга
Дата видання 2016
300 ## - Фізичний опис
Обсяг 48с.
Ілл./тип відтвор. іл.
Тип одиниці В опр.
490 ## - Серія
Назва серії Промінець
520 ## - Анотація
Анотація Ця збірка казок — для наймолодших читачів, які роблять перші кроки в читанні. Книга призначена для вироблення в дітей навичок техніки читання текстів по складах. До збірки ввійшли відомі українські народні казки. Читаючи їх, малята навчаться відрізняти добро від зла, здійснювати гарні вчинки, бути добрими, справедливими, захищати менших, поважати старших.
521 ## - Примітка про цільове призначення
Примітка про цільове призначення Для дітей дошкільного віку
546 ## - Примітка про мову
Примітка про мову укр.
650 ## - Тематичні рубрики
Основна рубрика Літературно-художнє видання
653 ## - Ключові слова
Ключові слова миша, кіт, тварини
655 ## - Термін індексування — жанр/форма
Жанр/форма Дитяча література
Типове ділення Казки
942 ## - ADDED ENTRY ELEMENTS (KOHA)
Джерело класифікації чи схема поличного розташування
Koha item type Книги
Фонди
Статус вилучення Статус втрати/відсутності Джерело класифікації чи схема поличного розташування Статус пошкодження Тип обігу (не для випозичання) Постійне розташування Поточне розташування Розташування у відділі Дата надходження Інвентарний номер Total Checkouts Повний (примірниковий) шифр зберігання Штрих-код Date last seen Дата, для якої чинна ціна заміни Тип одиниці (рівень примірника)
          Бібліотека-філія № 1 для дітей Бібліотека-філія № 1 для дітей Читальна зала молодший відділ 06/04/2026 69451   087.5 12758 06/04/2026 06/04/2026 Книги

Працює на АБІС Коха